| 000 | 00583nam a2200181 i 4500 | ||
|---|---|---|---|
| 001 | bg | ||
| 245 | 0 | 0 |
_aOchrona środowiska 1995 / _c[pod kier. Alfredy Gibowskiej] ; Urząd Statystyczny w Koszalinie. |
| 260 |
_aKoszalin : _bUrząd Statystyczny, _c1995. |
||
| 300 | _a149 s. [gł.tabele]. | ||
| 650 | 9 |
_aŚrodowisko człowieka _xhigiena _xstatystyka _zPolska |
|
| 651 | 9 |
_aKoszalin, okręg _xhigiena _xstatystyka |
|
| 700 | 1 |
_aGIBOWSKA, Alfreda. _eOprac. |
|
| 040 | _cBPK | ||
| 041 | 0 | _apl | |
| 080 | _a504(438)(083.41) | ||
| 942 | _cKS | ||
| 008 | s pl f |000 0 pol | ||
| 999 |
_c30616 _d30616 |
||
| 856 |
_uhttp://koha.tu.koszalin.pl/cgi-bin/koha/opac-detail.pl?biblionumber=30616 _yKatalog online BPK |
||